000
00294nam a2200121Ia 4500
008
240624s9999 xx 000 0 und d
041
_a
eng
082
_a
658.4063 DOD
100
_a
DODGSON MARK
245
_a
HANDBOOK OF INDUSTRIAL INNOVATION
260
_c
1996
_a
Elgar,1996
365
_c
BPS
_b
25
999
_c
31399
_d
31399